Land vs. Land #137 - Statistiken

Allgemein
  • Dieses Quiz wurde 8 mal gespielt
  • Das Durchschnittsergebnis liegt bei 11 aus 14
Antwortstatistiken
Frage Antwort % Korrekt
...Fläche? Georgien🇬🇪
100%
...Militär? Georgien🇬🇪
100%
...Exportmengen? Georgien🇬🇪
100%
...Einwohner? Georgien🇬🇪
86%
...Bruttoinlandsprodukt? Georgien🇬🇪
86%
...HDI (Human Development Index)? Georgien🇬🇪
86%
...Gesundheitswesen? Georgien🇬🇪
86%
...Lebenserwartung? Georgien🇬🇪
86%
...durchschnittlicher IQ? Georgien🇬🇪
86%
...Gewinner? Georgien🇬🇪
86%
...Frieden? Kap Verde🇨🇻
86%
...Bruttoinlandsprodukt pro Kopf? Georgien🇬🇪
57%
...Tourismus? Georgien🇬🇪
57%
...Happy Planet Index? Georgien🇬🇪
43%
Keine übereinstimmenden Quizze gefunden
Verteilung der Resultate
Anzahl Personen mit jedem Resultat
Perzentil nach korrekt beantworteten Fragen
Ihre Resultats-Entwicklung
Sie haben dieses Quiz noch nicht gespielt